Loading...
| Science - Chemistry | 0 | 5 | 0 | 2 | 50 | 100 | 119.20 | 2 | 5 | 0.00 | 0.00 |
| Science - Biology | 0 | 5 | 1 | 1 | 45 | 103 | 120.20 | 0 | 5 | 0.00 | 0.00 |
| Science - Other | 0 | 4 | 1 | 0 | 35 | 94 | 120.75 | 2 | 4 | 0.00 | 0.00 |
| Social Science | 0 | 2 | 1 | 1 | 15 | 142 | 142.50 | 1 | 2 | 0.00 | 0.00 |
| Literature - Short Fiction | 0 | 1 | 0 | 0 | 10 | 162 | 162.00 | 0 | 1 | 0.00 | 0.00 |
| Fine Arts - Classical Music | 0 | 1 | 0 | 0 | 10 | 133 | 133.00 | 1 | 1 | 0.00 | 0.00 |
| Other Academic | 0 | 1 | 0 | 0 | 10 | 134 | 134.00 | 0 | 1 | 0.00 | 0.00 |
| History - World | 0 | 1 | 0 | 1 | 10 | 144 | 144.00 | 0 | 1 | 0.00 | 0.00 |
| Geography | 0 | 1 | 0 | 1 | 10 | 142 | 142.00 | 1 | 1 | 0.00 | 0.00 |
| Science - Physics | 0 | 2 | 2 | 0 | 10 | 96 | 120.50 | 1 | 2 | 0.00 | 0.00 |
| Literature - Long Fiction | 0 | 1 | 0 | 0 | 10 | 147 | 147.00 | 1 | 1 | 0.00 | 0.00 |
| Literature - Poetry | 0 | 1 | 0 | 0 | 10 | 151 | 151.00 | 0 | 1 | 0.00 | 0.00 |
| Mythology | 0 | 0 | 0 | 0 | 0 | 0.00 | 0 | 0 | 0.00 | 0.00 | |
| Fine Arts - Other | 0 | 0 | 0 | 0 | 0 | 0.00 | 0 | 0 | 0.00 | 0.00 | |
| Fine Arts - Painting and Sculpture | 0 | 0 | 0 | 0 | 0 | 0.00 | 0 | 0 | 0.00 | 0.00 | |
| Current Events | 0 | 0 | 0 | 0 | 0 | 0.00 | 0 | 0 | 0.00 | 0.00 | |
| Philosophy | 0 | 0 | 0 | 0 | 0 | 0.00 | 0 | 0 | 0.00 | 0.00 | |
| Religion | 0 | 0 | 0 | 0 | 0 | 0.00 | 0 | 0 | 0.00 | 0.00 |